000 00932nas a2200277 4500
001 BR8206090
003 BR-BrBNA
005 20231205085329.0
007 ta
008 230509b bl.|||p| |||| 00| 00por d
040 _aBR-BrBNA
_bpor
_cBiblioteca Nacional de Agricultura
041 _a(Pt)
072 _aP20; F28
100 1 _aNakasu, L.
100 1 _aPrandini, F.L.
100 1 _aIwasa, O.Y.
100 1 _aMonaco, E.
111 1 _aCongresso Nacional sobre Essencias Nativas
_cCampos de Jordao, SP (Brazil)
_d12 Sep 1982
245 1 _aEssencias nativas no controle de erosao, protecao do solo, amenizacao ambiental e efeito paisagistico: criterios de projeto
650 _aSOLO
650 _aEROSAO DO SOLO
650 _aPAISAGISMO
773 0 _tSilvicultura em Sao Paulo (Brazil)
_xISSN 0583-3132
_g(1982), v. 16-A(pt. 3) p. 1915-1922
_wBR8206090
909 _a202311
_bLúcia
_c55
_dLúcia Elande
942 _2AGRIS
_n0
_cANA
999 _c110760
_d110760